000 00327 a2200157 4500
001 158947
020 _a
040 _cMagnum
100 _aRodrigues, Rosicler Martins
240 1 0 _aVida e alimento
_lpor
245 1 0 _aVida e alimento
362 0 _a1899
440 1 _aModerna
697 _aMAGNITO: COLECAO
942 _cBK
999 _c158947
_d158947